普通列車が通過する駅 - Statistics

General Stats
  • This quiz has been taken 93 times
    46 since last reset
  • The average score is 12 of 70
Answer Stats
会社 都府県 駅名 % Correct
JR 北海道 小幌
44%
JR 岡山県 布原
40%
JR 愛知県 下地
35%
JR 愛知県 船町
35%
JR 北海道 北秩父別
33%
JR 山形県 女鹿
33%
JR 新潟県 大沢
33%
JR 北海道 秩父別
30%
JR 新潟県 上越国際スキー場前
30%
JR 山形県 面白山高原
28%
JR 青森県 津軽湯の沢
26%
JR 秋田県 折渡
26%
JR 宮城県 奥新川
26%
JR 福島県 姥堂
26%
JR 福島県 会津豊川
26%
JR 鹿児島県 竜ヶ水
26%
JR 新潟県 石打
23%
JR 新潟県 塩沢
23%
JR 大阪府 塚本
23%
JR 福岡県 九郎原
23%
JR 北海道 北一已
21%
JR 福島県 笈川
21%
JR 北海道 北永山
19%
JR 北海道 学田
19%
JR 北海道 サッポロビール庭園
19%
JR 秋田県 糠沢
19%
JR 秋田県 桂根
19%
JR 福島県 堂島
19%
JR 新潟県 黒井
19%
JR 徳島県 教会前
19%
JR 北海道 天塩川温泉
16%
JR 長野県 千代
16%
JR 長野県 金野
16%
JR 徳島県 金比羅前
16%
JR 北海道 鹿討
14%
JR 北海道 ロイズタウン
14%
JR 長野県 田本
14%
JR 徳島県 立道
14%
JR 北海道 西留辺蘂
12%
JR 北海道 智北
12%
JR 北海道 瑞穂
12%
JR 徳島県 阿波大谷
12%
JR 高知県 薊野
12%
私鉄 青森県 西平内
12%
JR 北海道 西和田
9%
JR 北海道 西女満別
9%
JR 北海道 西聖和
9%
JR 北海道 北美瑛
9%
JR 長野県 為栗
9%
JR 静岡県 出馬
9%
JR 愛知県 池場
9%
JR 徳島県 撫養
9%
JR 高知県 山田西町
9%
JR 宮崎県 青井岳
9%
JR 鹿児島県 仙厳園
9%
私鉄 青森県 千曳
9%
私鉄 福井県 比島
9%
JR 北海道 呼人
7%
JR 北海道 西瑞穂
7%
JR 北海道 西中
7%
JR 北海道 植苗
7%
JR 愛知県 柿平
7%
JR 高知県 土佐長岡
7%
私鉄 青森県 深郷田
7%
JR 北海道 緋牛内
5%
JR 高知県 布師田
5%
私鉄 青森県 田んぼアート
5%
JR 北海道 別当賀
2%
私鉄 青森県 毘沙門
2%
私鉄 青森県 川倉
2%
No matching quizzes found
Score Distribution
Percent of People with Each Score
Percentile by Number Answered
Your Score History
You have not taken this quiz since the last reset